Prepojenie dát o vývoji softvéru

Guardado en:
Detalles Bibliográficos
Autor principal: Višvarda, Martin (Autor)
Otros Autores: Konôpka, Martin (Orientador)
Formato: Manuscrito Libro
Lenguaje:eslovaco
Publicado: 2017
Materias:
Acceso en línea:http://is.stuba.sk/zp/portal_zp.pl?podrobnosti=115779
Etiquetas: Agregar Etiqueta
Sin Etiquetas, Sea el primero en etiquetar este registro!

MARC

LEADER 00000ntm a22000003a 4500
001 stuzp64522
003 SK-STU
005 20170701210745.1
007 ta
008 150427s2015----xo-----f-mn---000-0-slo-d
040 |a STU  |b slo 
041 0 |a slo 
100 1 |a Višvarda, Martin  |u 070200  |4 aut  |U FIIT Fakulta informatiky a informačných technológií  |T FIIT Ústav informatiky, informačných systémov a softvérového inžinierstva  |X 74348  |U I200  |Y 179  |7 74348 
242 0 1 |a Linking Data of Software Development  |y eng 
245 1 0 |a Prepojenie dát o vývoji softvéru 
260 |c 2017 
650 4 |a prepájanie dát  |2 slo 
650 4 |a vývoj softvéru  |2 slo 
650 4 |a zber dát  |2 slo 
650 4 |a data mining  |2 eng 
650 4 |a software development  |2 eng 
650 4 |a linking data  |2 eng 
700 1 |a Konôpka, Martin  |u 070200  |k Z3  |4 ths  |U FIIT Fakulta informatiky a informačných technológií  |T FIIT Ústav informatiky, informačných systémov a softvérového inžinierstva  |X 64365  |U I200  |Y 179  |7 64365 
856 4 |u http://is.stuba.sk/zp/portal_zp.pl?podrobnosti=115779 
996 |b 11311  |c I* BAP91/17  |l II680  |s P  |a 0  |w stuzp64522_0001